000 01772nam a2200445 i 4500
001 38425
003 FlNmELB
005 20241216221559.0
006 m o d |
007 cr cnu||||||||
008 141015s2013 ck ob 000 0 spa d
020 _a9789587541021 (e-book)
020 _z9789587541014
035 _a(MiAaPQ)EBC3224834
035 _a(Au-PeEL)EBL3224834
035 _a(CaPaEBR)ebr10933829
035 _a(OCoLC)991999066
040 _aFINmELB
_bspa
_erda
_cFINmELB
050 4 _aHD60
_bR638 2013
082 0 _a658.408
_223
100 1 _aRojas Forero, Geisler Dayani.
245 1 0 _aGerencia de la responsabilidad social en las organizaciones de hoy /
_cGeisler Dayani Rojas Forero, Carlos Hernando Ramírez Méndez, John Danna Vélez.
264 1 _aIbagué :
_bUniversidad de Ibagué,
_c2013.
300 _a1 recurso en línea (174 páginas)
336 _atexto
_btxt
_2rdacontent/spa
337 _acomputadora
_bc
_2rdamedia/spa
338 _arecurso en línea
_bcr
_2rdacarrier/spa
504 _aIncluye bibliografía.
588 _aDescripción basada en recurso en línea; Título de la página del título en PDF (e-libro, visto October 15, 2014).
590 _aRecurso electrónico. Santa Fe, Arg.: e-libro, 2015. Disponible vía World Wide Web. El acceso puede estar limitado para las bibliotecas afiliadas a e-libro.
650 4 _aResponsabilidad social de los negocios.
650 4 _aAdministración.
650 0 _aSocial responsibility of business.
650 0 _aManagement.
655 4 _aLibros electrónicos.
700 1 _aRamírez Méndez, Carlos Hernando,
_eautor.
700 1 _aVélez, John Danna,
_eautor.
797 2 _ae-libro, Corp.
856 4 0 _uhttps://elibro.net/ereader/politecnicointernacional/70157
999 _c38425
_d38425